000 01894nam a22002897a 4500
005 20080630110029.0
008 080618t xxu||||| |||| 00| 0 eng d
010 _aENG-90438-42
020 _c2800.00 (set of 5 vol.)
_a8131303818 (set)
035 _aEN-73971-75
037 _bDBAD / PUB
040 _aDPL
_bEN
082 _a370.3
100 _aSiddiqui, Mujibul Hasan
245 _aEncyclopaedia of education /
_cby Mujibul Hasan Siddiqui
260 _aNew Delhi
_bAPH Publishing Corporation
_c2008
260 _a
_b
300 _a5V. (ix, 256p.; ix, 292p.; ix, 256p.; ix, 258p.; ix, 274p.)
_c23 cm (Hb)
500 _aIncludes bibliographical references and index
505 _av.1- Models of teaching ; v.2- Educational technology ; v.3- Guidance and counselling ; v.4- Educational psychology; v.5- Philosophical and sociological foundations of education
942 _cEN
_h370.3
_2ddc
_mSID
999 _c14097
_d14097